000 00439nam a2200169Ia 4500
008 231217s9999 xx 000 0 und d
020 _a8178811499
041 _aEnglish
082 _a332.4 SEE;1 R
100 _aSeethapathi, K ed.
245 0 _aIndian money market : an introduction
260 _c2002
_bIcfai
_aHyderabad
300 _avi, 197+A10
400 _aInvestment banking series
650 _amoney,market
942 _cAA
999 _c189832
_d189832